000 01273nam a2200301 i 4500
001 000007190
003 DO-SdBNP
005 20251015123541.0
006 a||||gr|||| 00| 0
007 ta
008 090907e1970 dr adb gr 001 m spa d
040 _aDO-SdBNP
_bspa
_cBNPHU
_erda
082 4 _a398.6
_bA235d
_222
245 0 0 _aAdivinanzas dominicanas. /
_crecopilación, clasificación, prólogo y notas por Manuel Rueda.
264 1 _aSanto Domingo :
_bInstituto de Investigaciones Folklóricas, Universidad Nacional "Pedro Henríquez Ureña"
_c1970
300 _a461 páginas :
_bilustraciones ;
_c24 cm.
336 _2rdacontent
_atexto
_btxt
337 _2rdamedia
_asin mediación
_bn
338 _2rdacarrier
_avolumen
_bnc
500 _aIncluye índice onomástico y geográfico.
505 _aPresentación--
_tCuatro miradas sobre un mismo tema --
_tAgradecimientos--
_tAdivinanzas de Carácter General --
_tAdivinanzas de Respuesta Externa y Diversos Géneros--
_tApéndice.
590 _aInventariado 2024 / MF
650 4 _aAdivinanzas
_zRepública Dominicana
_919956
650 0 _aDiversiones
_xRepública Dominicana
_919957
700 1 _aRueda, Manuel,
_erecopilación y prólogo
_919958
910 _aMFeliz/Validado. Control de calidad MFF
942 _2ddc
_cLBS1
999 _c6971
_d6971